| 000 -LEADER |
| fixed length control field |
01508pab a2200181 454500 |
| 008 - FIXED-LENGTH DATA ELEMENTS--GENERAL INFORMATION |
| fixed length control field |
180718b2017 xxu||||| |||| 00| 0 eng d |
| 100 ## - MAIN ENTRY--PERSONAL NAME |
| Personal name |
O'Connor, Karl |
| 245 ## - TITLE STATEMENT |
| Title |
What are the ideas and motivations of bureaucrats within a religiously contested society? |
| 260 ## - PUBLICATION, DISTRIBUTION, ETC. |
| Date of publication, distribution, etc. |
2017 |
| 300 ## - PHYSICAL DESCRIPTION |
| Extent |
p.63-84. |
| 362 ## - DATES OF PUBLICATION AND/OR SEQUENTIAL DESIGNATION |
| Dates of publication and/or sequential designation |
Mar |
| 520 ## - SUMMARY, ETC. |
| Summary, etc. |
This article reports research on bureaucrat behaviour. Where discretion exists, do primary associations such as religious, gender or racial identity guide behaviour or are these associations superseded by secondary learned professional or technocratic attachments? Using the theoretical lens of representative bureaucracy and Q methodology to investigate bureaucrat role perceptions, two distinct bureaucrat typologies are identified in Belfast. The evidence demonstrates that an elite-level bureaucrat may actively represent his or her own professional interests or, alternatively, may seek out and actively represent the interests of the political elite as a collective. The findings have implications for representative bureaucracy research as it is demonstrated that an elite-level bureaucrat may actively represent something other than a primary identity. This contribution also provides a useful insight into everyday life within a bureau of a successful power-sharing system of governance. |
| 650 ## - SUBJECT ADDED ENTRY--TOPICAL TERM |
| Topical term or geographic name entry element |
Public administration |
| 650 ## - SUBJECT ADDED ENTRY--TOPICAL TERM |
| Topical term or geographic name entry element |
Motivation |
| 650 ## - SUBJECT ADDED ENTRY--TOPICAL TERM |
| Topical term or geographic name entry element |
Civil service |
| 773 ## - HOST ITEM ENTRY |
| Main entry heading |
International Review of Administrative Sciences |
| 909 ## - |
| -- |
114278 |